Les gros mots français les plus utilisés, déconseillé aux yeux chastes - Statistiques

Statistiques générales
  • Ce quiz a été pris 451 fois
  • Le résultat moyen est 7 sur 10
Statistiques - réponses
Definition Mot % Correct
Définit généralement les matières fécales, au théâtre est citée pour souhaiter la reussite Merde
95%
Certainement le plus utilisé, peut exprimer la joie, la colère, la surprise ou une femme de légère vertu Putain
92%
Désigne un imbécile ou un crétin, particulièrement apprécié dans les embouteillages (masculin) Connard
88%
Mot de 4 lettres correspondant à un élément sacré de l'anatomie masculine Bite
84%
Désignant un enfant né hors mariage ou illégitime, ce mot est entré dans le langage ordurier Batard
68%
Se définit par l'action de libérer le système digestif de ses impuretés Chier
67%
Peut désigner un manque de rangement ou une maison close Bordel
66%
Elle peut se trouver dans le potage, être molle ou même cassée par des éléments ennuyeux Couille
58%
Utilisé à l'encontre d'une personne peu appréciée, peut aussi libérer des gaz nauséabonds Trou du cul
30%
Se dit d'un individu fainéant, peu apte à réaliser des tâches Branleur
24%
Aucun quiz correspondant
Distribution des résultats
% des personnes avec chaque résultat
Percentile par nombre de réponses
Votre historique - résultats
Vous n’avez pas pris ce quiz